00397nam a2200157 a 45000010005000000030009000050080041000140400028000550820019000831000019001022450024001212600034001453000015001794900023001946500022002172088CO-ViMGA141112s2004 ck r 000 u spa d aCO-ViMGAbspacCO-ViMGA04a853.914 T151ci1 aTamaro, Susana10aEl circulo mágico aBarcelona : bEl arca, c1996 a163 p : il aTren electrico, 1314aCUENTOS ITALIANOS